| 000 | 00784cam a2200241 4500 | ||
|---|---|---|---|
| 001 | ABS62246 | ||
| 008 | 000000n2000 000 0 eng u | ||
| 035 | _a(Sirsi) u105909 | ||
| 100 | _aDavey, J. | ||
| 245 | 4 | _aThe great real estate escape | |
| 260 | _c2000 | ||
| 490 |
_aProperty Week _v65(17) 28 April 2000, 36-38(3) |
||
| 520 | _aReports in the growing trend for companies to hand over the reins of property ownership to private sector partners, thereby releasing cash for their core business. | ||
| 590 | _aABS | ||
| 650 | _aABBEY NATIONAL | ||
| 650 | _aBBC | ||
| 650 | _aPROPERTY ASSETS | ||
| 650 | _aINVESTMENT STRATEGY | ||
| 650 | _aPROPERTY-COMMERCIAL PROPERTY | ||
| 690 | _aPROPERTY MANAGEMENT-CORPORATE REAL ESTATE | ||
| 700 | _aNelson, R.B. | ||
| 942 | _n0 | ||
| 999 |
_c63418 _d63418 |
||